LEADER 00989nam0 2200265 450 001 000002920 005 20090320113039.0 010 $a88-15-07235-7 100 $a20010608d1999----km-y0itay50------ba 101 0 $aita 102 $aIT 105 $ay-------001yy 200 1 $aInnovazione tecnologica e capitale umano in Italia, 1880-1914$ele traiettorie della seconda rivoluzione industriale$fMichelangelo Vasta 210 $aBologna$cIl Mulino$d1999 215 $a283 p.$ctab.$d23 cm 500 10$aInnovazione tecnologica e capitale umano in Italia, 1880-1914$952404 610 1 $aStoria economica 610 1 $aSviluppo economico e progresso tecnico$aItalia 676 $a338.945$v21$9Sviluppo economico. Italia 700 1$aVasta,$bMichelangelo$0140036 801 0$aIT$bUNIPARTHENOPE$c20090319$gRICA$2UNIMARC 912 $a000002920 951 $a040S/103.$b9388$cNAVA2$d20010608 996 $aInnovazione tecnologica e capitale umano in Italia, 1880-1914$952404 997 $aUNIPARTHENOPE LEADER 04008 am 2200973 n 450 001 9910568194003321 005 20211004 010 $a2-84016-436-1 024 7 $a10.4000/books.pupo.20007 035 $a(CKB)4100000012875593 035 $a(FrMaCLE)OB-pupo-20007 035 $a(oapen)https://directory.doabooks.org/handle/20.500.12854/86578 035 $a(PPN)263271706 035 $a(EXLCZ)994100000012875593 100 $a20220520j|||||||| ||| 0 101 0 $afre 135 $auu||||||m|||| 181 $ctxt$2rdacontent 182 $cc$2rdamedia 183 $acr$2rdacarrier 200 12$aL?homme et l?animal : cognition comparée /$fJacques Vauclair 210 $aNanterre $cPresses universitaires de Paris Nanterre$d2021 215 $a1 online resource (136 p.) 225 1 $aLibellus 311 $a2-84016-367-5 330 $aPsychologues comparatistes et éthologistes de la cognition ont transformé nos conceptions sur la communication et la cognition de l?animal. Les fondements historiques de leurs recherches sont abordés, en soulignant l?importance de la révolution darwinienne et ses conséquences sur l?étude de la continuité évolutive entre l?animal et l?homme. Les apports méthodologiques du behaviorisme et de la psychologie cognitive sont présentés en relevant les difcultés inhérentes à l?étude d?animaux ne pouvant recevoir de consignes verbales. Les traitements cognitifs de leur environnement physique et ceux de leurs relations sociales sont exempliés avec des données issues essentiellement de l?étude des primates. L?identication de leurs états mentaux est aussi discutée en pointant les ressemblances et les différences entre la communication animale et le langage articulé humain. La question éthique liée aux droits des animaux et aux devoirs de l?homme à leurs égards est discutée. Les approches en cognition comparée s?avèrent indispensables pour saisir la nature de la cognition humaine, conçue comme le produit indissociable de l?histoire individuelle de chaque humain et de son passé phylogénétique. 517 $aHomme et l'animal 517 $aHomme et l'animal 517 $aHomme et l'animal 517 $aHomme et l'animal 517 $aHomme et l'animal 517 $aHomme et l'animal 517 $aHomme et l'animal 517 $aHomme et l'animal 517 $aHomme et l'animal 517 $aHomme et l'animal 517 $aHomme et l'animal 517 $aHomme et l'animal 517 $aHomme et l'animal 517 $aHomme et l'animal 517 $aHomme et l'animal 517 $aHomme et l'animal 517 $aHomme et l'animal 517 $aHomme et l'animal 517 $aHomme et l'animal 517 $aHomme et l'animal 517 $aHomme et l'animal 517 $aHomme et l'animal 517 $aHomme et l'animal 517 $aHomme et l'animal 517 $aHomme et l'animal 517 $aHomme et l'animal 517 $aL’homme et l’animal 517 $aHomme et l'animal 517 $aHomme et l'animal 517 $aHomme et l'animal 517 $aHomme et l'animal 517 $aHomme et l?animal 517 $aHomme et l'animal 517 $aHomme et l'animal 517 $aL?homme et l?animal  606 $aAnthropology 606 $aéthique 606 $alangage 606 $aéthologie 606 $apsychologie 606 $arelation 610 $aéthique 610 $alangage 610 $aéthologie 610 $apsychologie 610 $arelation 615 4$aAnthropology 615 4$aéthique 615 4$alangage 615 4$aéthologie 615 4$apsychologie 615 4$arelation 700 $aVauclair$b Jacques$01145795 801 0$bFR-FrMaCLE 906 $aBOOK 912 $a9910568194003321 996 $aL?homme et l?animal : cognition comparée$93022525 997 $aUNINA LEADER 02325nam0 22005053i 450 001 VAN00289366 005 20250604104648.630 017 70$2N$a9783662215395 100 $a20250317d1992 |0itac50 ba 101 $aeng 102 $aDE 105 $a|||| ||||| 181 $ai$b e 182 $ab 183 $acr 200 1 $aF.B.I. Transformation$eSecond Microlocalization and Semilinear Caustics$fJean-Marc Delort 210 $aBerlin$aHeidelberg$cSpringer-Verlag$d1992 215 $a100 p.$cill.$d24 cm 461 1$1001VAN00102250$12001 $aLecture notes in mathematics$1210 $aBerlin [etc.]$cSpringer$v1522 606 $a35-XX$xPartial differential equations [MSC 2020]$3VANC019763$2MF 606 $a35A22$xTransform methods (e.g. integral transforms) applied to PDEs [MSC 2020]$3VANC024583$2MF 606 $a35A27$xMicrolocal methods and methods of sheaf theory and homological algebra applied to PDEs [MSC 2020]$3VANC022645$2MF 606 $a35L05$xWave equation [MSC 2020]$3VANC022720$2MF 606 $a35L67$xShocks and singularities for hyperbolic equations [MSC 2020]$3VANC023749$2MF 606 $a35L70$xSecond-order hyperbolic equations [MSC 2020]$3VANC021673$2MF 606 $a58J47$xPropagation of singularities; initial value problems on manifolds [MSC 2020]$3VANC022827$2MF 610 $aCauchy problems$9KW:K 610 $aFBI Transformations$9KW:K 610 $aLocalization$9KW:K 610 $aSecond Microlocalization$9KW:K 610 $aSemilinear Wave Equations$9KW:K 610 $aTransformations$9KW:K 610 $aWave equations$9KW:K 620 $dBerlin$3VANL000066 620 $aDE$dHeidelberg$3VANL000282 700 1$aDelort$bJean-Marc$3VANV095983$059558 712 $aSpringer $3VANV108073$4650 801 $aIT$bSOL$c20250606$gRICA 856 4 $uhttps://doi.org/10.1007/978-3-662-21539-5$zE-book ? Accesso al full-text attraverso riconoscimento IP di Ateneo, proxy e/o Shibboleth 899 $aBIBLIOTECA DEL DIPARTIMENTO DI MATEMATICA E FISICA$1IT-CE0120$2VAN08 912 $fN 912 $aVAN00289366 950 $aBIBLIOTECA DEL DIPARTIMENTO DI MATEMATICA E FISICA$d08DLOAD e-Book 11091 $e08eMF11091 20250519 996 $aF.B.I. transformation$9258920 997 $aUNICAMPANIA